000 00304nam a2200121Ia 4500
008 190722s9999 xx 000 0 und d
020 _a978-81-775-8333-5
100 _aDavid C Lay
245 0 _aLinear Algebra and its applications
260 _aNew Delhi
_bPearson ED
_c2014
300 _a530
942 _cBK
999 _c450
_d450